000 00863 a2200313 4500
999 _c200001307
_d25731
001 200001307
003 TR-AnTOB
005 20200130120417.0
008 100824s2009 tu 000 0
020 _a9789756194836
040 _aTR-AnTOB
_cTR-AnTOB
041 _atur
050 1 4 _aKKX2720
_b.A83 2009
090 _aKKX 2720 .A83 2009
100 1 _aAtay, Ender Ethem
_976397
245 1 0 _aİdare hukuku /
_cEnder Ethem Atay.
250 _aGüncelleştirilmiş 2. baskı
264 1 _aAnkara :
_bTurhan Kitabevi,
_c2006.
300 _aXXX, 1007 s. ;
_c28 cm.
336 _2rdacontent
_atext
_btxt
337 _2rdamedia
_aunmediated
_bn
338 _2rdacarrier
_avolume
_bnc
500 _aDizin.
504 _aKaynakça: s. 950-1007.
650 0 _aİdare hukuku
_zTürkiye
_910433
650 0 _aİdare hukuku
_zTürkiye
_910433
942 _cBK
_2lcc